Adivina La Ciudad - Estadísticas

Estadísticas generales
  • Esta prueba ha sido intentada 38 veces
  • La puntuación promedio es 7 de 16
Estadísticas de respuestas
Imagen Respuesta % Correcto
Rio de Janeiro
100%
Venecia
100%
Sevilla
86%
Atenas
77%
Sydney
60%
Bangkok
51%
Lisboa
51%
Miami
51%
Estocolmo
37%
Singapur
37%
Dubrovnik
29%
Bremen
11%
Valdemoro
9%
Yakarta
9%
Maseru
6%
Victoria
6%
No se encontraron pruebas coincidentes
Distribución de puntuación
Porcentaje de gente con cada puntuación
Porcentaje por número respondido
Historial de tus puntuaciones
No has intentado esta prueba.